[Event "HUN-chT2 Breyer 1819"]
[Site "Hungary"]
[Date "2019.04.28"]
[Round "9.7"]
[White "Szanto, Levente"]
[Black "Kovacs, Miklos"]
[Result "0-1"]
[WhiteElo "1876"]
[BlackElo "1798"]
[PlyCount "56"]
[EventDate "2018.10.28"]
[EventType "team-tourn"]
[EventRounds "9"]
[EventCountry "HUN"]
[SourceTitle "EXT 2021"]
[Source "ChessBase"]
[SourceDate "2020.10.23"]
[SourceVersion "1"]
[SourceVersionDate "2020.10.23"]
[SourceQuality "1"]
[WhiteTeam "Paty"]
[BlackTeam "Vizugy"]
[WhiteTeamCountry "HUN"]
[BlackTeamCountry "HUN"]

1. e4 c5 2. Nf3 d6 3. d4 cxd4 4. Nxd4 Nf6 5. Nc3 g6 6. f3 Bg7 7. Be3 Nc6 8. Qd2 0-0 9. g4 Bxg4 10. fxg4 Nxg4 11. Nf5 gxf5 12. Rg1 Nce5 13. Rg3 Nxe3 14. Qxe3 f4 15. Qxf4 Ng6 16. Qg4 Qa5 17. h4 h5 18. Qf3 Rac8 19. Be2 Be5 20. Rh3 Rxc3 21. bxc3 Rc8 22. Qf5 e6 23. Qg5 Bxc3+ 24. Kf1 Qxg5 25. hxg5 Bxa1 26. Rxh5 Nf4 27. Rh2 Rxc2 28. Rf2 Nxe2 0-1

[Event "HUN-chT2 Breyer 1819"]
[Site "Hungary"]
[Date "2019.02.10"]
[Round "5.7"]
[White "Kovacs, Miklos"]
[Black "Rosta, Sandor"]
[Result "1/2-1/2"]
[WhiteElo "1798"]
[BlackElo "2051"]
[PlyCount "38"]
[EventDate "2018.10.28"]
[EventType "team-tourn"]
[EventRounds "9"]
[EventCountry "HUN"]
[SourceTitle "CBM 189 Extra"]
[Source "ChessBase"]
[SourceDate "2019.06.03"]
[SourceVersion "1"]
[SourceVersionDate "2019.06.03"]
[SourceQuality "1"]
[WhiteTeam "Vizugy"]
[BlackTeam "Torokbalint"]
[WhiteTeamCountry "HUN"]
[BlackTeamCountry "HUN"]

1. e4 e6 2. d4 d5 3. exd5 exd5 4. g3 Nf6 5. Bg2 Bd6 6. Bg5 c6 7. Ne2 0-0 8. 0-0 h6 9. Bf4 Bf5 10. b3 Re8 11. c4 Na6 12. a3 Nc7 13. Nbc3 dxc4 14. bxc4 Ne6 15. Be3 Qe7 16. Qb3 Rab8 17. Qa4 a6 18. Rfd1 Red8 19. Re1 Qd7 1/2-1/2

[Event "HUN-chT3 0102"]
[Site "Hungary"]
[Date "2002.03.24"]
[Round "9"]
[White "Kovacs, Miklos"]
[Black "Horvath, Gabor"]
[Result "0-1"]
[WhiteElo "2166"]
[BlackElo "2305"]
[PlyCount "48"]
[EventDate "2001.09.30"]
[EventType "team"]
[EventRounds "11"]
[EventCountry "HUN"]
[SourceTitle "EXT 2004"]
[Source "ChessBase"]
[SourceDate "2003.11.25"]
[SourceVersion "1"]
[SourceVersionDate "2003.11.25"]
[SourceQuality "1"]

1. d4 Nf6 2. c4 g6 3. Nc3 Bg7 4. e4 d6 5. f4 0-0 6. Nf3 Na6 7. Bd3 c5 8. d5 e6 9. 0-0 exd5 10. exd5 Bd7 11. Bd2 Rb8 12. Rc1 b5 13. b3 Nb4 14. Bb1 bxc4 15. bxc4 Qa5 16. f5 Qa6 17. fxg6 fxg6 18. Ne4 Nxa2 19. Bxa2 Nxe4 20. Bb1 Nxd2 21. Qxd2 Qa3 22. Ng5 Bd4+ 23. Kh1 Be3 24. Rf3 Rxf3 0-1

[Event "HUN-chT2 9596"]
[Site "Hungary"]
[Date "1995.??.??"]
[Round "3"]
[White "Hargittay, Szabolcs"]
[Black "Kovacs, Miklos"]
[Result "0-1"]
[WhiteElo "2220"]
[BlackElo "2275"]
[PlyCount "108"]
[EventDate "1995.??.??"]
[EventType "team"]
[EventRounds "11"]
[EventCountry "HUN"]
[SourceTitle "EXT 2000"]
[Source "ChessBase"]
[SourceDate "1999.11.16"]
[SourceVersion "1"]
[SourceVersionDate "1999.11.16"]
[SourceQuality "1"]

1. e4 c5 2. Nf3 e6 3. d4 cxd4 4. Nxd4 a6 5. Bd3 Qc7 6. 0-0 Nf6 7. c4 Nc6 8. Nxc6 bxc6 9. Nc3 Bb7 10. Qe2 d6 11. f4 Be7 12. Be3 c5 13. Rae1 Nd7 14. Qd2 Rd8 15. Be2 0-0 16. Bf3 Bf6 17. Rd1 Nb8 18. g4 g6 19. g5 Bg7 20. Kg2 f6 21. h4 fxg5 22. hxg5 Nc6 23. Ne2 Nd4 24. Bxd4 cxd4 25. Qd3 Qe7 26. Kf2 e5 27. Rg1 Bc8 28. b3 Rf7 29. Rd2 Qc7 30. Rdd1 Qa5 31. Rd2 Rdf8 32. Rg2 Be6 33. Rg1 Qa3 34. Rb1 a5 35. Rc2 Qc5 36. Rg1 Rb8 37. Rcc1 Qa3 38. Qc2 Qc5 39. Qd3 Rbb7 40. Rb1 Qa3 41. Qc2 Rbc7 42. Rbd1 Bd7 43. Rg2 Bh3 44. Rh2 Be6 45. Rg2 Rf8 46. Rgg1 a4 47. Rd3 d5 48. Rc1 Qc5 49. Qd2 dxc4 50. bxc4 Bxc4 51. fxe5 Qxe5 52. Nxd4 Bxd3 53. Rxc7 Qxc7 54. Qxd3 Qc5 0-1

[Event "HUN-chT2 9596"]
[Site "Hungary"]
[Date "1995.??.??"]
[Round "6"]
[White "Kovacs, Miklos"]
[Black "Pasztor, Ferenc"]
[Result "1/2-1/2"]
[WhiteElo "2275"]
[BlackElo "2265"]
[PlyCount "42"]
[EventDate "1995.??.??"]
[EventType "team"]
[EventRounds "11"]
[EventCountry "HUN"]
[SourceTitle "EXT 2000"]
[Source "ChessBase"]
[SourceDate "1999.11.16"]
[SourceVersion "1"]
[SourceVersionDate "1999.11.16"]
[SourceQuality "1"]

1. Nf3 d5 2. b3 Nf6 3. Bb2 g6 4. e3 Bg7 5. Be2 0-0 6. 0-0 c5 7. d4 cxd4 8. Nxd4 Nc6 9. c4 Nxd4 10. Bxd4 dxc4 11. Bxc4 Bg4 12. Qc2 Rc8 13. Qb2 Qa5 14. a4 a6 15. f3 Bd7 16. Na3 Rfe8 17. b4 Qh5 18. Qb3 g5 19. Rad1 e5 20. Ba1 Be6 21. b5 g4 1/2-1/2

[Event "HUN-chT2 9596"]
[Site "Hungary"]
[Date "1995.??.??"]
[Round "1"]
[White "Kovacs, Miklos"]
[Black "Supolo, Jozsef"]
[Result "1/2-1/2"]
[WhiteElo "2275"]
[BlackElo "2215"]
[PlyCount "93"]
[EventDate "1995.??.??"]
[EventType "team"]
[EventRounds "11"]
[EventCountry "HUN"]
[SourceTitle "EXT 2000"]
[Source "ChessBase"]
[SourceDate "1999.11.16"]
[SourceVersion "1"]
[SourceVersionDate "1999.11.16"]
[SourceQuality "1"]

1. Nf3 f5 2. c4 g6 3. Nc3 Nf6 4. d4 Bg7 5. g3 d6 6. Bg2 0-0 7. 0-0 Qe8 8. Nd5 Na6 9. Nxf6+ Bxf6 10. Bh6 Bg7 11. Bxg7 Kxg7 12. d5 e5 13. dxe6 Qxe6 14. Qd4+ Qf6 15. e3 Nc5 16. Rfd1 Ne4 17. Qxf6+ Kxf6 18. Nd4 Be6 19. Bxe4 fxe4 20. Nxe6 Kxe6 21. Rd4 Ke5 22. Rad1 b6 23. Rd5+ Kf6 24. b4 Rf7 25. R1d4 Re7 26. c5 dxc5 27. bxc5 Rae8 28. cxb6 axb6 29. a4 Re5 30. Rd7 R8e7 31. Rd8 Rc5 32. Rf8+ Kg7 33. Rfd8 h5 34. Kg2 Rc2 35. Rd2 Rc3 36. h4 Kf6 37. R8d5 Re6 38. g4 hxg4 39. Kg3 Rc4 40. a5 c6 41. Rg5 b5 42. Ra2 Re7 43. a6 Ra7 44. Kxg4 b4 45. h5 gxh5+ 46. Rxh5 b3 47. Rb2 1/2-1/2